Lucy Dacus - For Keeps (Lyrics) - Statistics

General Stats
  • This quiz has been taken 6 times
  • The average score is 100 of 129
Answer Stats
Answer % Correct
are
100%
at
100%
details
100%
details,
100%
Devil's
100%
doing
100%
every
100%
everything
100%
gap
100%
God
100%
I
100%
If
100%
in
100%
is
100%
Lord's
100%
me
100%
not
100%
say
100%
teeth
100%
the
100%
then
100%
time
100%
to
100%
work
100%
you
100%
You
100%
you,
100%
your
100%
and
67%
anymore,
67%
anything
67%
believe
67%
But
67%
cause
67%
don't
67%
end
67%
except
67%
for
67%
it,
67%
keeps
67%
know
67%
mattered
67%
nothing
67%
of
67%
one
67%
only
67%
playing
67%
same
67%
sense
67%
smile
67%
supremacy
67%
that
67%
that's
67%
them
67%
there
67%
they
67%
thing
67%
things
67%
We
67%
were
67%
we're
67%
who's
67%
between
33%
cheap
33%
dirty
33%
I'm
33%
made
33%
mezzanine
33%
miss
33%
neither
33%
or
33%
seats
33%
sheets
33%
something
33%
still
33%
up
33%
waking
33%
wanted
33%
when
33%
with
33%
No matching quizzes found
Score Distribution
Percent of People with Each Score
Percentile by Number Answered
Your Score History
You have not taken this quiz